LEADER 02617nam0-22004571i-450- 001 990001662030403321 005 20140218153126.0 012 $aeai- s.t. t.m, **** (3) 1598 (R): 094 A 1, pt. 1$2fei$5IT-NA0274 012 $aino- c.si e:o, **** (3) 1598 (R): 094 A 1, pt. 2$2fei$5IT-NA0274 035 $a000166203 035 $aFED01000166203 035 $a(Aleph)000166203FED01 035 $a000166203 100 $a20030910d1598----km-y0itay50------ba 101 2 $alat$agrc 102 $aDE 105 $ac-------001yy 140 $ah-------a-----------b---1--- 141 $aaf--0ec-$5IT-NA0274------------------------------------------------------------------ 200 1 $aPedakoiu Dioskoridou tou Anazarbeos Ta sozomena apanta. Pedacii Dioscoridis Anazarbaei Opera quae extant omnia. Ex noua interpretatione Jani-Antonii Saraceni ... Addita sunt ad calcem eiusdem interpretis scholia, in quibus variae codicum variorum lectiones examinantur, diuersae de medica materia, seu priscorum, seu etiam recentiorum sententiae proponuntur, ac interdum conciliantur: ... 210 $a[Francofurti]$csumtibus haeredum Andreae Wecheli Claudii Marnii & Ioan. Aubrii$d1598 215 $a2 pt.([12], 479, [3], 144, [2] ; [12], 135, [9] p.)$c2 ritr. calcogr.$d2° 306 $aPegaso sovrasta due cornucopie intrecciate e un caduceo tenuto da mani che escono da nuvole. Ai lati iniziali AW. (F1102) sul front. della pt.1 e 2 306 $aLuogo di ed. ricavato da SBN 307 $aSegn.: ):(6; a-z6; aa-rr6; [alfa]-[mu]6; 6; A-K6; L8; 307 $aIniz. arabescate 307 $aTestatine e finalini xil. 307 $aRitr. dell'A. e di Sarazin rispettivamente alle c. ):(5v e ):(6r 307 $aLa p. 84 è numerata 76 316 $5IT-NA0274$aLegatura in cartone rigido e pelle (350x230x65 mm) 620 $aGermania$dFrancoforte 700 0$aDioscorides Pedanius$f$0304866 702 1$aSarazin,$bJean Antoine$f<1547-1598> 719 00$aWechel,$gAndreas$ceredi$h& Marne, Claude <1.> & Aubry, Johann <1.>$4650 801 0$aIT$bUNINA$gRICA$2UNIMARC 901 $aAQ 912 $a990001662030403321 952 $a60 094 A 1$b128$fFAGBC 959 $aFAGBC 996 $aPedakoiu Dioskoridou tou Anazarbeos Ta sozomena apanta. Pedacii Dioscoridis Anazarbaei Opera quae extant omnia. Ex noua interpretatione Jani-Antonii Saraceni ... Addita sunt ad calcem eiusdem interpretis scholia, in quibus variae codicum variorum lectiones examinantur, diuersae de medica materia, seu priscorum, seu etiam recentiorum sententiae proponuntur, ac interdum conciliantur: ..$9373365 997 $aUNINA LEADER 01727oem 2200421Ia 450 001 9910695917203321 005 20070817165218.0 035 $a(CKB)5470000002374632 035 $a(OCoLC)70170363 035 $a(EXLCZ)995470000002374632 100 $a20060623d2006 ca 101 0 $aeng 120 $ab|||||||||||| 121 $a||af||||| 124 $bd 135 $aurcnu--|m|||| 181 $ccrd$2rdacontent 182 $cc$2rdamedia 183 $acr$2rdacarrier 200 00$aMajor- and trace-element concentrations in rock samples collected in 2004 from the Taylor Mountains 1:250,000-scale quadrangle, Alaska$b[electronic resource] /$fby Edward P. Klimasauskas ... [and others] ; U.S. Department of the Interior, U.S. Geological Survey 205 $aVersion 1.0. 210 1$aReston, VA :$cU.S. Geological Survey,$d2006. 215 $a1 electronic map $cHTML, digital, PDF file 225 1 $aU.S. Geological Survey open-file report ;$v2006-1070 300 $aTitle from HTML index page (viewed on June 22, 2006). 320 $aPDF booklet Includes bibliographical references (page 6).. 517 $aMajor- and trace-element concentrations in rock samples collected in 2004 from the Taylor Mountains 1 606 $aMines and mineral resources$zAlaska$zTaylor Mountains$vDatabases 615 0$aMines and mineral resources 701 $aKlimasauskas$b Ed$01382648 712 02$aGeological Survey (U.S.) 801 0$bGIS 801 1$bGIS 801 2$bGPO 906 $aBOOK 912 $a9910695917203321 996 $aMajor- and trace-element concentrations in rock samples collected in 2004 from the Taylor Mountains 1:250,000-scale quadrangle, Alaska$93543105 997 $aUNINA